000 00813cab a2200229 4500
001 ABS43600
008 090401t1990 xxu||||| |||| 00| 0 eng d
035 _a(Sirsi) u42498
041 _aeng
100 _aBennett, J.
245 _aLocal Government Act 1988 : the anti-avoidance provisions
260 _c1990
350 _a0
490 _aSolicitors` Journal
_v134(43) 26 October 1990, 1216-1220(5)
520 _aConsiders the anti-avoidance provisions of the Local Government Act 1988 for compulsory competitive tendering and the enforcement of those provisions by the Government against local authorities . Quotes case law .
650 _aCOMPETITIVE TENDERING
650 _aR V ISLINGTON LBC EX P BEC
690 _aBUILT ENVIRONMENT
700 _aCirell, S.
942 _n0
948 _c04/03/1997
999 _c27215
_d27215